A hátrányos helyzetű tanulók középiskolai továbbtanulását befolyásoló tényezők

Elmentve itt :
Bibliográfiai részletek
Szerző: Csőke Zsanett
További közreműködők: Fejes József Balázs (Témavezető)
Dokumentumtípus: Szakdolgozat
Megjelent: 2012
Tárgyszavak:
Online Access:http://diploma.bibl.u-szeged.hu/46682
LEADER 00728nta a2200169 i 4500
001 dipl46682
005 20150605150016.0
008 150605s2012 hu om 0|| zxx d
040 |a SZTE Diploma Repozitórium  |b hun 
041 |a zxx 
100 1 |a Csőke Zsanett 
245 1 2 |a A hátrányos helyzetű tanulók középiskolai továbbtanulását befolyásoló tényezők  |h [elektronikus dokumentum] /  |c Zsanett Csőke 
246 1 0 |a Factors affecting disadvantaged students' secondary school studies  |h [elektronikus dokumentum] 
260 |c 2012 
650 4 |a Bölcsészettudományok 
700 1 |a Fejes József Balázs   |e ths 
856 4 0 |u http://diploma.bibl.u-szeged.hu/id/eprint/46682/1/2013_Cs%C5%91ke_Zsanett_CSZRACB_SZE_SZ.pdf  |z Dokumentum-elérés